| 000 | 00806cam a2200253 a 4500 | ||
|---|---|---|---|
| 001 | 4380764 | ||
| 005 | 20180312060451.0 | ||
| 008 | 911127s1992 cau b 101 0 eng | ||
| 010 | _a 91045333 | ||
| 020 | _a0803944969 (cloth) | ||
| 020 | _a0803944977 (pbk.) | ||
| 040 |
_aDLC _cDLC _dDLC |
||
| 041 | _aeng | ||
| 080 | _a301.072 ELL | ||
| 082 | 0 | 0 |
_a301.072 ELL _220 |
| 100 | _a50 | ||
| 101 | _aSOC | ||
| 245 | 0 | 0 |
_aInvestigating subjectivity : _cCarolyn Ellis, Michael G. Flaherty, editors. |
| 504 | _aIncludes bibliographical references and indexes. | ||
| 906 |
_a7 _bcbc _corignew _d1 _eocip _f19 _gy-gencatlg |
||
| 942 |
_2ddc _cBK |
||
| 999 |
_c44707 _d44707 |
||